| 000 | 00728cab a2200253 4500 | ||
|---|---|---|---|
| 001 | WB3443-37 | ||
| 008 | 090401t1998 xxu||||| |||| 00| 0 eng d | ||
| 035 | _a(Sirsi) u89612 | ||
| 041 | _aeng | ||
| 245 | _aPositive discrimination | ||
| 260 | _c1998 | ||
| 350 | _a0 | ||
| 490 |
_aEstates Gazette _v(9845) 7 November 1998, 150(1) |
||
| 520 | _aDiscusses case law in the context of the enforcement of covenants relating to freehold property. | ||
| 650 | _aFREEHOLD LAND | ||
| 650 | _aHALSALL V BRIZELL | ||
| 650 | _aLEASEHOLD | ||
| 650 | _aPOSITIVE COVENANTS | ||
| 650 | _aRHONE V STEPHENS | ||
| 650 | _aTHAMESMEAD TOWN LTD V ALLOTEY | ||
| 690 | _aPROPERTY LAW AND PRACTICE | ||
| 942 | _n0 | ||
| 948 | _c11/11/1998 | ||
| 999 |
_c56721 _d56721 |
||